00445nam a2200121Ia 45000010005000000080041000050820025000461000100000712450087001712600023002589010027002819990015003081848241024s9999 xx 000 0 und d aRD/370.97293/R426g/2 aRepública Dominicana. Secretaría de Estado de Educación. Dirección General de Curriculo 0aGuías para el uso de los libros de texto en la escuela multigrado. Segundo grado bEd. Corripioc2000 a30/9/2011 9:06:50 a.m. c9067d9067